[Event "21st Open A"]
[Site "Bled SLO"]
[Date "2000.03.30"]
[Round "6"]
[White "Licina,A"]
[Black "Wiley,To"]
[Result "1-0"]
[WhiteElo "2192"]
[BlackElo "2294"]

1.e4 e6 2.d4 d5 3.Nd2 Be7 4.c3 dxe4 5.Nxe4 Nf6 6.Nxf6+ Bxf6 7.Nf3 Nd7 8.Bf4 O-O
9.Be2 b6 10.O-O Bb7 11.Re1 c5 12.Bd6 Be7 13.dxc5 Nxc5 14.Bxe7 Qxe7 15.b4 Rfd8
16.Qc2 Be4 17.Qb2 Nd3 18.Bxd3 Bxd3 19.Ne5 Bb5 20.c4 Be8 21.Qc3 Rac8 22.Rad1 Rxd1
23.Rxd1 f6 24.Nf3 e5 25.Rc1 Bf7 26.Nd2 b5 27.c5 Bxa2 28.Ne4 Rc6 29.Rd1 Be6
30.Rd6 Rc8 31.Qd3 Bc4 32.Qd2 Be6 33.c6 Qe8 34.Nc5 Bf5 35.Qd5+ Kf8 36.c7 Ke7
37.Re6+  1-0

[Event "21st Open A"]
[Site "Bled SLO"]
[Date "2000.03.30"]
[Round "6"]
[White "Rogulj,B"]
[Black "Furlan,M"]
[Result "1-0"]
[WhiteElo "2437"]
[BlackElo "2362"]

1.e4 e6 2.d4 d5 3.Nd2 Be7 4.e5 c5 5.Qg4 g5 6.dxc5 Qc7 7.Qg3 Nd7 8.Ndf3 Nh6
9.Bxg5 Nf5 10.Qf4 Bxc5 11.Qa4 Qb6 12.O-O-O Bxf2 13.Nh3 Bc5 14.Kb1 Qb4 15.Qxb4 Bxb4
16.c4 h6 17.Bc1 Nb6 18.g4 Ng7 19.cxd5 Nxd5 20.Nf4 Nxf4 21.Bb5+ Ke7 22.Bxf4 Ne8
23.Bg3 Ba5 24.Bh4+ Kf8 25.b4 Bb6 26.Rd3 Kg7 27.Rc1 a6 28.Bxe8 Rxe8 29.a4 a5
30.b5 Kg6 31.Bf6 Ba7 32.Rc7 Bb8 33.Nh4+  1-0

[Event "55th ch-YUG"]
[Site "Subotica YUG"]
[Date "2000.04.01"]
[Round "14"]
[White "Kalezic,B"]
[Black "Drasko,M"]
[Result "1-0"]
[WhiteElo "2403"]
[BlackElo "2520"]

1.e4 e6 2.d4 d5 3.Nd2 Be7 4.Ngf3 Nf6 5.e5 Nfd7 6.Bd3 c5 7.c3 b6 8.O-O Ba6
9.Ne1 Qc8 10.Qg4 O-O 11.Ndf3 f5 12.Qg3 Nc6 13.h4 cxd4 14.cxd4 Rf7 15.Bd2 Qb7
16.Rc1 Rc8 17.a3 Nd8 18.h5 Bc4 19.Bg5 Nf8 20.Bf4 Qa6 21.Nd2 b5 22.Qe3 Nc6
23.Nef3 Qb6 24.Rfd1 a5 25.Bb1 a4 26.Kh2 Qa7 27.Rg1 Bd8 28.Rcd1 Bb6 29.Nxc4 dxc4
30.g4 Ne7 31.gxf5 Nxf5 32.Qe4 Qa8 33.d5 exd5 34.Rxd5 Ne6 35.Rg4 Qc6 36.Ng5 Nxg5
37.Rxg5 Qe6 38.Rxf5  1-0

[Event "53rd ch-YUG (women)"]
[Site "Herceg Novi YUG"]
[Date "2000.04.10"]
[Round "2"]
[White "Petronic,J"]
[Black "Boskovic,Ma"]
[Result "1-0"]
[WhiteElo "2423"]
[BlackElo "2050"]

1.e4 e6 2.d4 d5 3.Nd2 Be7 4.Ngf3 Nf6 5.Bd3 c5 6.exd5 Qxd5 7.dxc5 Nbd7 8.O-O Nxc5
9.Bc4 Qh5 10.Re1 Ncd7 11.Nf1 O-O 12.Qe2 Nb6 13.Bd3 Qc5 14.Ng3 Bd6 15.c4 Qc7
16.Bg5 Nbd7 17.a3 a5 18.Rad1 Bf4 19.Bh4 g6 20.Bc2 Bh6 21.Ne4 Nxe4 22.Qxe4 Bg7
23.Bg3 Qb6 24.Bd6 Re8 25.b3 Nf6 26.Qh4 Bd7 27.Be5 Qd8 28.Rd2 b6 29.Red1 Ra7
30.Rd6 h6 31.Qd4 Rb7 32.Be4 Nxe4 33.Qxe4 Qc8 34.Bxg7 Kxg7 35.Qd4+ e5 36.Nxe5 Be6
37.Nd7+ f6 38.Qxf6+ Kh7 39.Rxe6  1-0

[Event "Val Zemitis IM"]
[Site "San Francisco USA"]
[Date "2000.04.12"]
[Round "7"]
[White "Altounian,L"]
[Black "Bhat,V"]
[Result "0-1"]
[WhiteElo "2438"]
[BlackElo "2398"]

1.e4 e6 2.d4 d5 3.Nd2 Be7 4.Ngf3 Nf6 5.Bd3 c5 6.exd5 Qxd5 7.dxc5 Nbd7 8.Qe2 Nxc5
9.Bb5+ Bd7 10.Bxd7+ Ncxd7 11.O-O O-O 12.Nb3 Rac8 13.Bg5 Nc5 14.Nxc5 Qxc5
15.c3 Rfd8 16.Rfd1 Qa5 17.a3 Qf5 18.Bh4 Bc5 19.b4 Bf8 20.c4 a5 21.Rxd8 Rxd8
22.Qb2 a4 23.Bxf6 gxf6 24.h3 Rd3 25.c5 Qd5 26.Qc2 f5 27.Qxa4 e5 28.Ne1 Rb3
29.Nf3 e4 30.Nd2 Rb2 31.Nf1 Qd4 32.Ne3 Rxf2 33.Kxf2 Qxa1 34.Nxf5 Qb2+ 35.Kf1 Qd2
36.Kg1 Qc1+ 37.Kh2 Qf4+ 38.Ng3 h5 39.Qd1 h4 40.Qg4+ Qxg4 41.hxg4 hxg3+ 42.Kxg3 Bh6
43.b5 Kf8 44.Kf2 Ke8 45.a4 Bf8 46.c6 Bc5+  0-1

[Event "zt 1.2"]
[Site "Pula CRO"]
[Date "2000.04.13"]
[Round "3"]
[White "Golubovic,B"]
[Black "Pelletier,Y"]
[Result "1/2-1/2"]
[WhiteElo "2449"]
[BlackElo "2478"]

1.d4 e6 2.e4 d5 3.Nd2 a6 4.Bd3 c5 5.dxc5 Bxc5 6.Ngf3 Nf6 7.O-O Nc6 8.exd5 Nxd5
9.Ne4 Be7 10.c4 Nf6 11.Qe2 Qc7 12.a3 Nxe4 13.Bxe4 Na5 14.Nd2 f5 15.Bc2 O-O
16.b4 Bf6 17.Rb1 Nc6 18.Nf3 e5 19.b5 Na5 20.b6 Qe7 21.Bd2 Nc6 22.Ba4 e4 23.Bxc6 bxc6
24.Ne1 c5 25.Nc2 Bb7 26.Bf4 g5 27.Bc7 f4 28.Rfd1 Be5 29.Bxe5 Qxe5 30.Rd7 Bc6
31.Rc7 Rac8 32.Qg4 Rxc7 33.bxc7 Qxc7 34.Qxg5+ Qg7 35.Qxc5 Qg6 36.Ne1 e3 37.Rb6 Rf6
38.Qe7 Re6 39.Qd8+ Re8 40.Qd3 Qxd3 41.Nxd3 Rd8 42.Rxc6 Rxd3 43.fxe3 fxe3
44.Kf1 Rxa3  1/2-1/2

[Event "Millennium Masters"]
[Site "Oakham ENG"]
[Date "2000.04.17"]
[Round "7"]
[White "Aagaard,J"]
[Black "McDonald,N"]
[Result "1/2-1/2"]
[WhiteElo "2396"]
[BlackElo "2438"]

1.e4 e6 2.d4 d5 3.Nd2 Be7 4.Ngf3 Nf6 5.e5 Nfd7 6.c4 dxc4 7.Bxc4 Nb6 8.Bd3 Nc6
9.Ne4 Nb4 10.Bb1 h6 11.O-O Bd7 12.a3 N4d5 13.Re1 Bc6 14.Bd2 Qd7 15.b3 g5
16.Nc5 Bxc5 17.dxc5 Nc8 18.Nd4 Nce7 19.Nxc6 Nxc6 20.b4 a6 21.Qb3 O-O-O 22.Be4 Nxe5
23.a4 Nf6 24.Bc3 Nxe4 25.Rxe4 f6 26.Bxe5 fxe5 27.Rxe5 Rhe8 28.Rae1 Qd3 29.Qxd3 Rxd3
30.h4 gxh4 31.Rxe6 Rxe6 32.Rxe6 Rd4 33.c6 bxc6 34.Rxc6 Kb7 35.Rxh6 Rxb4 36.a5 c5
37.Kf1 Re4 38.Rb6+ Ka7 39.Rc6 Rc4 40.Ke2 Kb7 41.Rb6+ Ka7 42.Rh6 Kb7 43.Rb6+ Ka7
44.Rh6 Kb7  1/2-1/2

[Event "XVIII Open"]
[Site "Metz FRA"]
[Date "2000.04.18"]
[Round "4"]
[White "Cooper,L"]
[Black "Eingorn,V"]
[Result "0-1"]
[WhiteElo "2338"]
[BlackElo "2597"]

1.e4 e6 2.d4 d5 3.Nd2 a6 4.Ngf3 Nf6 5.Bd3 c5 6.exd5 exd5 7.Qe2+ Be7 8.dxc5 O-O
9.Nb3 Re8 10.Be3 Nbd7 11.O-O-O Nxc5 12.Nxc5 Bxc5 13.Qd2 Bxe3 14.fxe3 Bg4
15.Rde1 Bxf3 16.gxf3 Qb6 17.c3 Re7 18.Re2 Rae8 19.Rhe1 Nd7 20.e4 d4 21.cxd4 Qxd4
22.Bc2 Qxd2+ 23.Rxd2 Ne5 24.Rf1 Rc8 25.f4 Nc4 26.Re2 g6 27.Rf3 b5 28.a3 Kg7
29.Rc3 Rd8 30.Rd3 Red7 31.Rxd7 Rxd7 32.e5 f5 33.a4 Kf8 34.axb5 axb5 35.b3 Nb6
36.Re3 Nd5 37.Rd3 Ke7 38.Rd4 Nc7 39.Rb4 Rd5  0-1

[Event "Foxwoods Open"]
[Site "Connecticut USA"]
[Date "2000.04.20"]
[Round "1"]
[White "Ivanov,AV"]
[Black "Pixton,A"]
[Result "1-0"]
[WhiteElo "2541"]
[BlackElo "2181"]

1.e4 e6 2.d4 d5 3.Nd2 Be7 4.Bd3 c5 5.dxc5 Nf6 6.exd5 Qxd5 7.Ngf3 Qxc5 8.O-O Bd7
9.a3 Nc6 10.b4 Qh5 11.Bb2 a6 12.c4 O-O 13.Re1 Rfd8 14.Nf1 g5 15.Ng3 Qh6 16.Qd2 Nh5
17.h4 Nf4 18.Qc3 e5 19.hxg5 Bxg5 20.Be4 Bf6 21.Rad1 Be8 22.Bd5 Rac8 23.Qe3 Qg7
24.Nxe5 Nxe5 25.Qxf4 Nd3 26.Rxd3 Bxb2 27.Nf5 Qf6 28.Rg3+ Kf8 29.Qg4 Qg6 30.Qe2 Qf6
31.Nh6  1-0

[Event "Foxwoods Open"]
[Site "Connecticut USA"]
[Date "2000.04.21"]
[Round "3"]
[White "Sarkar,J"]
[Black "Pixton,A"]
[Result "1-0"]
[WhiteElo "2316"]
[BlackElo "2181"]

1.e4 e6 2.d4 d5 3.Nd2 Be7 4.Bd3 c5 5.dxc5 Nf6 6.Qe2 Nc6 7.Ngf3 Nb4 8.e5 Nd7
9.Nb3 Nxd3+ 10.Qxd3 a5 11.a4 b6 12.cxb6 Qxb6 13.Bd2 Nc5 14.Qd4 Qc7 15.Qc3 Qb6
16.Be3 d4 17.Bxd4 Bb7 18.Bxc5 Bxc5 19.Qxc5 Qxc5 20.Nxc5 Bxf3 21.gxf3 Rc8
22.Nd3 Rxc2 23.Rc1 Rxc1+ 24.Nxc1 Kd7 25.Nd3 Rc8 26.Kd2 Rc4 27.f4  1-0

[Event "ch-DEN"]
[Site "Aalborg DEN"]
[Date "2000.04.22"]
[Round "7"]
[White "Berg,K"]
[Black "Hansen,Cu"]
[Result "1/2-1/2"]
[WhiteElo "2419"]
[BlackElo "2618"]

1.d4 e6 2.e4 d5 3.Nd2 Be7 4.exd5 exd5 5.Bd3 Nf6 6.Ngf3 O-O 7.O-O Bg4 8.Re1 Nbd7
9.Nf1 Re8 10.h3 Bh5 11.Ng3 Bg6  1/2-1/2

[Event "Foxwoods Open"]
[Site "Connecticut USA"]
[Date "2000.04.23"]
[Round "7"]
[White "Garcia,Gild"]
[Black "Kaufman,La"]
[Result "1-0"]
[WhiteElo "2444"]
[BlackElo "2419"]

1.e4 e6 2.d4 d5 3.Nd2 Be7 4.Ngf3 Nf6 5.Bd3 c5 6.exd5 Qxd5 7.dxc5 Nbd7 8.c6 Qxc6
9.O-O O-O 10.Qe2 b6 11.Nd4 Qc7 12.N2f3 Nc5 13.Bc4 a6 14.a3 Bb7 15.Bg5 Nd5
16.Bxe7 Qxe7 17.Rfe1 Qf6 18.Rad1 Rac8 19.Ba2 Rfd8 20.g3 Na4 21.Bxd5 Rxd5
22.c4 Rdd8 23.Ne5 Nc5 24.f4 Qe7 25.b4 Nd7 26.Nxd7 Qxd7 27.f5 Re8 28.fxe6 fxe6
29.Qe5 Ba8 30.Nxe6 Qb7 31.Rd5 Rxc4 32.Ng5 Rf8 33.Qe6+ Kh8 34.Qf5  1-0

[Event "53rd ch-YUG (women)"]
[Site "Herceg Novi YUG"]
[Date "2000.04.23"]
[Round "13"]
[White "Ivanovic,J"]
[Black "Boskovic,Ma"]
[Result "0-1"]
[WhiteElo "2078"]
[BlackElo "2050"]

1.e4 e6 2.d4 d5 3.Nd2 Be7 4.e5 c5 5.c3 Nc6 6.Ngf3 Bd7 7.Be2 Qb6 8.Nb3 cxd4
9.cxd4 a5 10.a4 Nb4 11.Be3 Nh6 12.O-O Nf5 13.Bd2 O-O 14.g4 Nh4 15.Nxh4 Bxh4
16.Nc5 Be8 17.Qb3 Be7 18.Rfc1 Bc6 19.g5 Qd8 20.f4 Bxc5 21.Rxc5 b6 22.Rcc1 Qd7
23.Bxb4 axb4 24.Qxb4 Bxa4 25.b3 Bc6 26.Rxa8 Bxa8 27.Qxb6 Qe7 28.b4 g6 29.Rc7 Qd8
30.b5 h6 31.Qd6 Qb8 32.b6 Bb7 33.Qe7 Ba6 34.Bxa6 Qxb6 35.Be2 Qxd4+ 36.Kg2 Qxf4
37.Qf6 Qe3 38.Bf3 hxg5 39.Rc2 g4 40.Bd1 Qe4+ 41.Kf2 Qh1 42.Rd2 Qxh2+ 43.Ke1 Qg1+
44.Ke2 Rb8 45.Bc2 Qh2+ 46.Ke1 Qh1+ 47.Qf1 Qh4+ 48.Kd1 Ra8 49.Kc1 Qg3 50.Qe2 Qc3
51.Qb5 Ra1+ 52.Qb1 Rxb1+  0-1

[Event "4NCL"]
[Site "Birmingham ENG"]
[Date "2000.04.30"]
[Round "10"]
[White "Jackson,S"]
[Black "Anderton,D"]
[Result "1/2-1/2"]
[WhiteElo "2186"]
[BlackElo "2215"]

1.e4 e6 2.d4 d5 3.Nd2 Be7 4.Ngf3 Nf6 5.Bd3 c5 6.exd5 Qxd5 7.dxc5 a5 8.Nc4 Bxc5
9.Be3 Nbd7 10.Bxc5 Qxc5 11.O-O b5 12.Ncd2 O-O 13.Qe2 Rb8 14.Ne4 Nxe4 15.Qxe4 Qh5
16.Be2 Bb7 17.Qe3 Qg6 18.Bd3  1/2-1/2

[Event "Capablanca Mem Elite"]
[Site "Varadero CUB"]
[Date "2000.05.07"]
[Round "1"]
[White "Slobodjan,R"]
[Black "Nogueiras,J"]
[Result "1/2-1/2"]
[WhiteElo "2561"]
[BlackElo "2563"]

1.e4 e6 2.d4 d5 3.Nd2 Be7 4.Bd3 c5 5.dxc5 Nf6 6.exd5 Qxd5 7.Ngf3 Nbd7 8.O-O Nxc5
9.Bc4 Qd8 10.Nb3 O-O 11.Qe2 b6 12.Bf4 Bb7 13.Rad1 Qc8 14.Ne5 Nxb3 15.axb3 Rd8
16.Rxd8+ Bxd8 17.Rd1 Be7 18.Bg5 Qc7 19.Bf4 Bd6  1/2-1/2

[Event "Capablanca Mem Premier II"]
[Site "Varadero CUB"]
[Date "2000.05.07"]
[Round "1"]
[White "De la Paz,F"]
[Black "Pecorelli Garcia,H"]
[Result "1-0"]
[WhiteElo "2462"]
[BlackElo "2412"]

1.e4 e6 2.d4 d5 3.Nd2 Be7 4.Ngf3 Nf6 5.e5 Nfd7 6.Bd3 c5 7.c3 Nc6 8.O-O a5
9.Re1 c4 10.Bc2 b5 11.Nf1 Nb6 12.Ng3 h5 13.h3 Kd7 14.b3 g6 15.bxc4 Nxc4 16.Nd2 Kc7
17.Rb1 Ba6 18.Qf3 Rh7 19.Nxc4 bxc4 20.Bd2 Rb8 21.Ne2 Ba3 22.Nf4 Ne7 23.h4 Rh8
24.Nh3 Nf5 25.Bg5 Be7 26.Rxb8 Kxb8 27.Bxe7 Qxe7 28.g3 Qa3 29.Ng5 Rf8 30.Nh7 Rh8
31.Ng5 Rf8 32.Bxf5 gxf5 33.Nh7 Rd8 34.Qxh5 Qxc3 35.Rb1+ Ka8 36.Qxf7 Qd3 37.Rc1 Qd2
38.Rb1 Qd3 39.Rc1 c3 40.Qxe6 Rc8 41.Nf6 c2 42.Nd7 Qd1+ 43.Kh2 Bb7 44.Nb6+ Kb8
45.Qd6+ Rc7 46.Nd7+  1-0

[Event "57th ch-POL"]
[Site "Plock POL"]
[Date "2000.05.08"]
[Round "11"]
[White "Jaracz,P"]
[Black "Socko,B"]
[Result "1/2-1/2"]
[WhiteElo "2490"]
[BlackElo "2556"]

1.e4 e6 2.d4 d5 3.Nd2 Be7 4.Bd3 c5 5.dxc5 Bxc5 6.Ngf3 Nf6 7.O-O Nc6 8.Qe2 Qc7
9.a3 a6 10.b4 Nd4 11.Nxd4 Bxd4 12.Ra2  1/2-1/2

[Event "Capablanca Mem Mixto"]
[Site "Varadero CUB"]
[Date "2000.05.08"]
[Round "2"]
[White "Calzetta,M"]
[Black "Arribas,M"]
[Result "1/2-1/2"]
[WhiteElo "2267"]
[BlackElo "2338"]

1.e4 e6 2.d4 d5 3.Nd2 Nc6 4.Ngf3 Nf6 5.e5 Nd7 6.Be2 f6 7.exf6 Qxf6 8.Nf1 Bd6
9.Ng3 O-O 10.O-O b6 11.c4 Bb7 12.Be3 Ne7 13.Qa4 Bc6 14.Qc2 h6 15.cxd5 Bxd5
16.Nd2 Qh4 17.Nde4 Bxg3 18.Nxg3 c6 19.Bc4 Nf6 20.f3 Rac8 21.Rfe1 c5 22.Bf2 Nc6
23.Bxd5 exd5 24.dxc5 bxc5 25.Qxc5 Nb4 26.Qxa7 Rf7 27.Re7 Nc6 28.Rxf7 Nxa7
29.Rxa7 Qf4 30.Re7 Rc2 31.Re2 Rxe2 32.Nxe2 Qd2 33.Kf1 Qxb2 34.Bd4 Qa3 35.Nc3 Ne8
36.Rd1 Nd6 37.Nxd5 Qxa2 38.Nf4 Qc2 39.Re1 Nf5 40.Bf2 Qc7 41.g3 Qc4+ 42.Kg2 Nh4+  1/2-1/2

[Event "New York Open"]
[Site "New York USA"]
[Date "2000.05.10"]
[Round "8"]
[White "Mirabile,T"]
[Black "Sorensen,J"]
[Result "0-1"]
[WhiteElo "2240"]
[BlackElo "2401"]

1.e4 e6 2.d4 d5 3.Nd2 Nc6 4.c3 dxe4 5.Nxe4 Qd5 6.Qf3 e5 7.Ng5 Qxf3 8.N1xf3 f6
9.Ne4 exd4 10.Nxd4 Nxd4 11.cxd4 Be6 12.Be3 O-O-O 13.Be2 Bd5 14.f3 Ne7 15.Nc3 Bf7
16.O-O-O Nd5 17.Bf2 Nxc3 18.bxc3 Bxa2 19.Kc2 Bf7 20.Ra1 a6 21.c4 Re8 22.Bd3 Bg6
23.Rhe1 Bb4 24.Re3 Rxe3 25.Bxe3 Re8 26.Bxg6 hxg6 27.Kd3 Kd7 28.Rb1 a5 29.Rb3 b6
30.d5 Bd6 31.c5 Bxc5 32.Bxc5 bxc5 33.Rb5 Kd6 34.Kc4 Re2  0-1

[Event "3rd Open"]
[Site "Tanta City EGY"]
[Date "2000.05.10"]
[Round "7"]
[White "Ahmed,Es"]
[Black "Abdel Razik,K"]
[Result "0-1"]
[WhiteElo "2363"]
[BlackElo "2318"]

1.e4 e6 2.d4 d5 3.Nd2 Be7 4.Ngf3 Nf6 5.Bd3 c5 6.c3 Nc6 7.O-O dxe4 8.Nxe4 cxd4
9.cxd4 O-O 10.a3 Nxd4 11.Ne5 Qd5 12.Nxf6+ Bxf6 13.Ng4 Be7 14.Ne3 Qd6 15.Nc4 Qd5
16.Re1 Rd8 17.Ne5 Nf5 18.Qg4 f6 19.Bc4 Qd4 20.Qxf5 Qxc4 21.Qxh7+ Kxh7 22.Nxc4 e5
23.Be3 b6 24.b4 Be6 25.Nb2 Bb3 26.Rac1 Rd7 27.Rc3 Be6 28.Rec1 Kg8 29.Kf1 Kf7
30.Rc7 g5 31.Ke2 a5 32.Bxb6 axb4 33.a4 b3 34.R1c3 Rad8 35.Rxd7 Rxd7 36.Bc5 Bd8
37.Rd3 Bd5 38.f3 Ke6 39.Bb4 f5 40.Bc3 Rc7 41.Bb4 g4 42.fxg4 Rc2+ 43.Rd2 Bg5
44.Rxc2 bxc2 45.Bd2 c1=Q 46.Bxc1 Bxc1 47.Nd3 Bh6 48.gxf5+ Kxf5 49.g4+ Ke4
50.Nf2+ Kd4 51.h4 Bf4 52.Nh3 Bg3 53.h5 e4 54.h6 Bc4+ 55.Kd1 e3 56.Ng1 Kd3
57.h7 Bb3+ 58.Kc1 Be5 59.Nf3 Bg7 60.a5 Bc4  0-1

[Event "New York Open"]
[Site "New York USA"]
[Date "2000.05.11"]
[Round "9"]
[White "Estrada Nieto,J"]
[Black "Lochte,T"]
[Result "1/2-1/2"]
[WhiteElo "2368"]
[BlackElo "2212"]

1.e4 e6 2.d4 d5 3.Nd2 a6 4.Ngf3 c5 5.exd5 exd5 6.dxc5 Bxc5 7.Nb3 Ba7 8.Bd3 Qd6
9.O-O Bg4 10.Re1+ Ne7 11.Be3 Bxe3 12.Rxe3 Nc6 13.c3 O-O-O 14.Be2 Nf5 15.Rd3 Rhe8
16.h3 Bh5 17.Nbd4  1/2-1/2

[Event "Open"]
[Site "Pula CRO"]
[Date "2000.05.17"]
[Round "2"]
[White "Palac,M"]
[Black "Soln,P"]
[Result "1-0"]
[WhiteElo "2570"]
[BlackElo "2382"]

1.e4 e6 2.d4 d5 3.Nd2 Nc6 4.Ngf3 Nf6 5.e5 Nd7 6.Bb5 a5 7.O-O Na7 8.Bd3 c5
9.c4 Nc6 10.cxd5 exd5 11.dxc5 Nxc5 12.Nb3 Nxd3 13.Qxd3 Be7 14.Rd1 O-O 15.Bf4 Nb4
16.Qe2 a4 17.Nbd4 a3 18.bxa3 Rxa3 19.Nb5 Ra4 20.Nc3 Ra3 21.Qb2 Ra5 22.Be3 Bf5
23.a3 Nd3 24.Qe2 Qc8 25.Rxd3 Qc4 26.Rdd1 Qxc3 27.Bd2 Qb2 28.Nd4 Rxa3 29.Rxa3 Qxd4
30.Bg5 Qc5 31.Bxe7 Qxe7 32.Qb2 Rc8 33.Rxd5 Be4 34.Rd1 h5 35.h3 Rc2 36.Ra8+ Kh7
37.Qd4 Qh4 38.g3 Rxf2 39.Kxf2  1-0

[Event "ch-RUS Women"]
[Site "Elista RUS"]
[Date "2000.05.19"]
[Round "9"]
[White "Kochetkova,J"]
[Black "Ovchinikova,J"]
[Result "1/2-1/2"]
[WhiteElo "2197"]
[BlackElo "2221"]

1.e4 e6 2.d4 d5 3.Nd2 Be7 4.Bd3 c5 5.dxc5 Nc6 6.Ngf3 Nf6 7.O-O dxe4 8.Nxe4 Nxe4
9.Bxe4 Qxd1 10.Rxd1 Bxc5 11.Bf4  1/2-1/2

[Event "ch-IND"]
[Site "Mumbai IND"]
[Date "2000.05.20"]
[Round "5"]
[White "Ravi,T"]
[Black "Ravi,L"]
[Result "1-0"]
[WhiteElo "2373"]
[BlackElo "2391"]

1.e4 e6 2.d4 d5 3.Nd2 Nc6 4.Ngf3 Nf6 5.e5 Nd7 6.Bb5 Ncb8 7.c3 b6 8.O-O a5
9.Re1 c6 10.Bd3 Ba6 11.Bc2 Be7 12.Nf1 c5 13.Ng3 h5 14.h3 Nc6 15.a3 Rc8 16.Be3 Bb5
17.Nh2 g6 18.Rc1 Kf8 19.Ne2 Kg7 20.Nf4 Nf8 21.Kh1 Qd7 22.g4 hxg4 23.Qxg4 cxd4
24.cxd4 Rh4 25.Qg3 Kh8 26.Rg1 a4 27.Bb1 Rh7 28.Nf3 Qd8 29.Nd3 Bxd3 30.Bxd3 Na7
31.Rxc8 Qxc8 32.Kh2 Qd8 33.Bg5 Kg8 34.Qf4 Rh5 35.Bxe7 Qxe7 36.Rc1 Nh7 37.Rc3 Kg7
38.Qc1 Qd8 39.Rc7 Qb8 40.Re7 Kf8 41.Qc7  1-0

[Event "Open"]
[Site "Pula CRO"]
[Date "2000.05.23"]
[Round "8"]
[White "Biti,O"]
[Black "Bukal,V jr"]
[Result "1/2-1/2"]
[WhiteElo "2269"]
[BlackElo "2399"]

1.e4 e6 2.d4 d5 3.Nd2 Be7 4.Bd3 c5 5.dxc5 Nf6 6.Qe2 Nc6 7.Ngf3 a5 8.a4 Nb4
9.Nb3 O-O 10.O-O b6 11.e5 Nd7 12.c6 Nc5 13.Bb5 Qc7 14.Nbd4 Ne4 15.Bf4 f5
16.exf6 Bd6 17.Bxd6 Qxd6 18.fxg7  1/2-1/2

[Event "ch-Europe Women"]
[Site "Batumi GEO"]
[Date "2000.05.29"]
[Round "2.1"]
[White "Pokorna,R"]
[Black "Matveeva,S"]
[Result "1-0"]
[WhiteElo "2091"]
[BlackElo "2414"]

1.e4 e6 2.d4 d5 3.Nd2 Be7 4.e5 c5 5.Ndf3 Nc6 6.dxc5 Bxc5 7.Bd3 Nge7 8.Qe2 Ng6
9.Nh3 Qc7 10.Bxg6 hxg6 11.Nf4 g5 12.Nd3 g4 13.Ng5 Nd4 14.Qd1 Be7 15.c3 Nf5
16.Qxg4 Rh4 17.Qd1 Bd7 18.g3 Ba4 19.Qe2 Re4 20.Nxe4 dxe4 21.Nf4 Qxe5 22.Be3 g5
23.Ng2 Bb5 24.c4 Bb4+ 25.Kf1 Ba6 26.Rc1 Rd8 27.a3 Be7 28.b4 b6 29.Ne1 Bf6
30.b5 Bb7 31.Nc2 Qb2 32.Rd1 Rd3 33.Nb4 Rxd1+ 34.Qxd1 Qxa3 35.Nc6 Nxe3+ 36.fxe3 Qxe3
37.Kg2 Qc3 38.Rf1 a6 39.Qd6 Bxc6 40.bxc6 Qd4 41.Qb8+ Ke7 42.Qb7+ Kf8 43.c7  1-0

[Event "zt3.2a"]
[Site "Vung Tau VIE"]
[Date "2000.05.29"]
[Round "9"]
[White "Jiravorasuk,B"]
[Black "Wo Dai,D"]
[Result "1/2-1/2"]
[WhiteElo "2210"]
[BlackElo "2110"]

1.e4 e6 2.d4 d5 3.Nd2 Be7 4.Ngf3 Nf6 5.Bd3 c5 6.exd5 exd5 7.dxc5 O-O 8.O-O Bxc5
9.Nb3 Bb6 10.Bg5 Bg4 11.c3 Nc6 12.Bh4 Re8 13.h3 Bh5 14.a4 a5 15.g4 Bg6 16.Bxg6 hxg6
17.Kg2 Qd6 18.Qd3 Rad8 19.Rad1 Ne5 20.Nxe5 Qxe5 21.Rfe1 Qc7 22.Nd4 Qd7 23.Nb5 Re6
24.Rxe6 Qxe6 25.f3 Re8 26.Re1 Qc6 27.Rxe8+ Qxe8 28.Bf2 Bxf2 29.Kxf2 Qe5 30.Kg2 Qe1
31.Nd4 Nd7 32.Qb5 Qd2+ 33.Kg3 Qe1+ 34.Kg2 Qd2+ 35.Kf1 Qd1+ 36.Kf2 Qd2+ 37.Qe2 Qc1
38.Qb5 Qd2+ 39.Ne2 Nf8 40.Qxb7 Ne6 41.b4 axb4 42.Qxb4 g5 43.Qb8+ Kh7 44.Qb1+ g6
45.Qc1 Qa2 46.Kf1 Qxa4 47.Qd2 Qc4 48.Kf2 Qc7 49.Kg2 Qe5 50.Kg1 Kg8 51.Kg2 Kf8
52.Kg1 Ke7 53.Kg2 Kd6 54.Nd4 Nf4+ 55.Kf1 Nxh3 56.Qb2 Qe8 57.Nb5+ Kd7 58.Qa3 Qb8
59.Qc5 Nf4 60.c4 Qe5 61.Nd4 Qe1+ 62.Kxe1 Nd3+ 63.Kd2 Nxc5 64.cxd5 Kd6 65.Ke3 Kxd5
66.Nb5 Ne6 67.Nc3+ Ke5 68.Ne4 f6 69.Nd2 Nf4 70.Nc4+ Ke6 71.Nd2 Nd5+ 72.Kd4 f5
73.Nb3 Nf6 74.Nc5+ Kf7 75.gxf5 gxf5 76.Ke5 Kg6 77.Nd3 Nh5 78.Nb4 Nf4 79.Nc6 Nd3+
80.Kd4 Ne1 81.Ne7+ Kf6 82.Nd5+ Ke6 83.Nc7+ Kd7 84.Ke5 f4 85.Nd5 Nxf3+ 86.Kf5 Nd4+
87.Kxg5 f3 88.Kf4 Kd6 89.Nc3 Kc5 90.Ke3 Kc4 91.Ne4 Kd5 92.Ng5  1/2-1/2

[Event "SVOLTA Open"]
[Site "Turin ITA"]
[Date "2000.06.02"]
[Round "6"]
[White "Lazic,Mi"]
[Black "Lovric,B"]
[Result "1/2-1/2"]
[WhiteElo "2478"]
[BlackElo "2322"]

1.e4 e6 2.d4 d5 3.Nd2 Be7 4.Ngf3 Nf6 5.Bd3 c5 6.exd5 Qxd5 7.dxc5 Qxc5 8.O-O Nbd7
9.Nb3 Qc7 10.Bg5 O-O 11.Qe2 b6 12.Rad1 Bb7 13.Rd2 Bd6 14.Rfd1 Bxf3 15.Qxf3 Bxh2+
16.Kh1 Ne5 17.Qh3 Nxd3 18.Bxf6 gxf6 19.Rxd3 Be5 20.Nd4 Kh8 21.Nf3 Rg8 22.c3 Rad8
23.Nxe5 fxe5 24.Qh6 Rxd3 25.Qf6+ Rg7 26.Rxd3 h6 27.Rh3 Kg8 28.Qxh6 Kf8 29.Qf6 Kg8
30.Rd3 e4 31.Rd8+ Kh7 32.Qh4+ Kg6 33.Rh8 f5 34.Qh5+ Kf6 35.Qh4+ Ke5  1/2-1/2

[Event "zt 4.2"]
[Site "Cairo EGY"]
[Date "2000.06.06"]
[Round "1"]
[White "Andolo,H"]
[Black "Abdel Razik,K"]
[Result "0-1"]
[WhiteElo "2200"]
[BlackElo "2318"]

1.e4 e6 2.d4 d5 3.Nd2 Be7 4.e5 c5 5.c3 Nc6 6.Ndf3 Qb6 7.Bd3 Bd7 8.Ne2 cxd4
9.cxd4 f6 10.O-O O-O-O 11.a3 Kb8 12.b4 Nh6 13.b5 Na5 14.Nc3 Rc8 15.Na4 Qd8
16.Nb2 Nf7 17.Re1 f5 18.Bd2 Nc4 19.Qb3 Nxd2 20.Nxd2 Qa5 21.Qd1 Qc3 22.Rb1 Bxa3
23.Nb3 Bxb2 24.Nc5 Rhd8 25.Re2 Ba3 26.Rb3 Qc1 27.Qxc1 Bxc1 28.Rc2 Bg5 29.Rbc3 Rxc5
30.Rxc5 Be7 31.R5c3 Bb4 32.Rb3 Ba5 33.Be2 Bb6 34.Rb4 g5 35.g3 g4 36.Kg2 Ng5
37.Rc1 h5 38.Rc2 Be8 39.f4 gxf3+ 40.Bxf3 Bg6 41.Rc1 Rg8 42.h4 Nxf3 43.Kxf3 Be8
44.Rd1 Rg4 45.Rd3 Bc5  0-1

[Event "zt 1.9"]
[Site "Ordzhonikidze UKR"]
[Date "2000.06.09"]
[Round "1"]
[White "Zubov,A UKR"]
[Black "Goloshchapov,A"]
[Result "1/2-1/2"]
[WhiteElo "2482"]
[BlackElo "2561"]

1.e4 e6 2.d4 d5 3.Nd2 Be7 4.Ngf3 Nf6 5.Bd3 c5 6.dxc5 dxe4 7.Nxe4 Nxe4 8.Bxe4 Qxd1+
9.Kxd1 Bxc5 10.Ke2 Nd7 11.Bd2 Nf6 12.Bd3 b6 13.Bb5+ Ke7 14.Ne5 Bb7 15.Rhd1 Rac8
16.Bg5 Rc7 17.Bf4 a6 18.Ba4 Nd5 19.Bg3 b5 20.Bb3 Bd6 21.a4 b4 22.a5 Rb8 23.Rd4 Ba8
24.Nd3 Bxg3 25.hxg3 h6 26.Kd2 Rbc8 27.f3 Bb7 28.Rc1 Nf6 29.Rxb4 g5 30.Rb6 Nd7
31.Rb4 h5 32.Re1 Rh8 33.Rc4 Rxc4 34.Bxc4 h4 35.gxh4 Rxh4 36.b3 g4 37.Ne5 Nxe5
38.Rxe5 Rh2 39.fxg4 Rxg2+ 40.Be2 Bf3 41.b4 Bxe2 42.Rxe2 Rxg4 43.c3 f5 44.Kd3 Rg3+
45.Re3 Rxe3+ 46.Kxe3 Kd6 47.c4 e5 48.Kf3  1/2-1/2

[Event "zt 1.9"]
[Site "Ordzhonikidze UKR"]
[Date "2000.06.10"]
[Round "2"]
[White "Brodsky,M"]
[Black "Kruppa,Y"]
[Result "1/2-1/2"]
[WhiteElo "2514"]
[BlackElo "2561"]

1.e4 e6 2.d4 d5 3.Nd2 Nc6 4.Ngf3 Nf6 5.e5 Nd7 6.Be2 Be7 7.O-O f6 8.exf6 Bxf6
9.Nb3 O-O 10.c4 Kh8 11.Be3 dxc4 12.Bxc4 e5 13.Bb5 exd4 14.Nfxd4 Nxd4 15.Bxd4 c6
16.Be2 Qc7 17.Qc2  1/2-1/2

[Event "zt 1.5"]
[Site "Yerevan ARM"]
[Date "2000.06.10"]
[Round "4"]
[White "Asrian,K"]
[Black "Kacheishvili,G"]
[Result "1/2-1/2"]
[WhiteElo "2572"]
[BlackElo "2564"]

1.e4 e6 2.d4 d5 3.Nd2 Be7 4.Bd3 c5 5.dxc5 Nf6 6.Qe2 Nc6 7.Ngf3 Bxc5 8.O-O O-O
9.e5 Nd7 10.Nb3 Be7 11.c4 a5 12.cxd5 exd5 13.a4 f6 14.exf6  1/2-1/2

[Event "IHEM"]
[Site "Hamburg GER"]
[Date "2000.06.15"]
[Round "6"]
[White "Yemelin,V"]
[Black "Berger,Stev"]
[Result "1-0"]
[WhiteElo "2540"]
[BlackElo "2286"]

1.e4 e6 2.d4 d5 3.Nd2 Nc6 4.Ngf3 Nf6 5.e5 Nd7 6.Be2 f6 7.exf6 Qxf6 8.Nf1 Bd6
9.Ne3 O-O 10.O-O Nb6 11.a4 a5 12.Ng4 Qg6 13.h3 e5 14.Ngxe5 Bxe5 15.dxe5 Bxh3
16.Nh4 Qe4 17.f4 Qd4+ 18.Qxd4 Nxd4 19.Bd1 Nf5 20.Kh2 Nxh4 21.Kxh3 Ng6 22.Be2 d4
23.e6 Ne7 24.g4 g6 25.Bd3 Kg7 26.f5 Nbd5 27.Bg5 h6 28.Bh4 h5 29.gxh5 Nxf5
30.hxg6 Nfe3 31.Rf7+ Rxf7 32.gxf7 Nf4+ 33.Kh2 Nxe6 34.Rg1+ Kxf7 35.Bg6+ Kf8
36.Bf6 Nd5 37.Be5 Ke7 38.Be4 Nf6 39.Bxb7 Rb8 40.Ba6 Rxb2 41.Rg2 Nd5 42.Re2 c5
43.Kg3 Ne3 44.Rxe3 Rb6 45.Rb3 Rxa6 46.Rb7+ Ke8 47.Kf3 Nd8 48.Rb5 Ne6 49.Ke4 Ra7
50.Kd5 Ke7 51.Rb6 Rd7+ 52.Kc4 Ra7 53.Kd5 Rd7+ 54.Kc4 Ra7 55.Bd6+ Kf6 56.Rc6 Rh7
57.Bxc5 Ke5 58.Bd6+ Ke4 59.Bb8 Nd8 60.Rc8 Rd7 61.Bc7 Ne6 62.Bxa5 d3 63.cxd3+ Rxd3
64.Bc3 Rd7 65.a5 Nc7 66.Kc5 Ne6+ 67.Kb6 Rd6+ 68.Rc6 Kd5 69.Rxd6+ Kxd6 70.a6  1-0

[Event "zt 1.4"]
[Site "Budapest HUN"]
[Date "2000.06.22"]
[Round "6"]
[White "Blehm,P"]
[Black "Ionescu,Co"]
[Result "1-0"]
[WhiteElo "2494"]
[BlackElo "2446"]

1.e4 e6 2.d4 d5 3.Nd2 Be7 4.e5 c5 5.Qg4 g5 6.Qh5 cxd4 7.Ndf3 Nc6 8.Nh3 Qc7
9.Nhxg5 Nxe5 10.Bb5+ Bd7 11.Nxe6 Nxf3+ 12.gxf3 Qxc2 13.Bxd7+ Kxd7 14.Qxd5+ Kc8
15.Bd2 fxe6 16.Qxd4 Bf6 17.Qd6 Bxb2 18.Qxe6+ Kd8 19.Ba5+ b6 20.Rd1+ Kc7 21.Rd7+ Kb8
22.Bd2  1-0